Manuale consultorum in causis S. Officii contra haereticam privitatem refertum quamplurimis dubiis novis, et veteribus resolutis cui accessit discursus de concursu et examine clericorum ad benefitia vacantia / Reverendisimi Patris Francisci Bordoni

Detalles Bibliográficos
Autor principal: Bordoni, Francisco
Formato: Libro
Lenguaje:Undetermined
Latin
Publicado: Parmae : sumptibus Iosephi ab Oleo per Hippolytum & fratres de Rosatis, 1693.
Edición:Opera posthuma, undequaque absolutissima, nùnc primùm edita.
Materias:
Colección:Banco de datos
Acervo:Biblioteca Palafoxiana. Colección bibliográfica
Descripción Física:[8], XXX, 535, [4], 78 p. f°
Tema general:Inquisición
Notas:Marca de fuego: Colegio de San Juan. Número de localización: 10601
LEADER 00886nam a2200181Ia 4500
008 150723s9999 xx 000 0 und d
041 0 |a lat 
050 0 |a PAFX BX1710 B6 
100 1 |a Bordoni, Francisco 
245 1 0 |a Manuale consultorum in causis S. Officii contra haereticam privitatem refertum quamplurimis dubiis novis, et veteribus resolutis cui accessit discursus de concursu et examine clericorum ad benefitia vacantia / Reverendisimi Patris Francisci Bordoni 
250 |a Opera posthuma, undequaque absolutissima, nùnc primùm edita. 
260 |a Parmae : sumptibus Iosephi ab Oleo per Hippolytum & fratres de Rosatis, 1693. 
300 |a [8], XXX, 535, [4], 78 p. f° 
500 |a Marca de fuego: Colegio de San Juan. Número de localización: 10601 
650 1 0 |a Inquisición 
942 |c PALALIB 
943 |g Biblioteca Palafoxiana. Colección bibliográfica 
999 |c 1054842  |d 1054842